000 01085nam a2200337Ia 4500
003 OSt
005 20220912145216.0
006 a|||||r|||| 00| 0
007 ta
008 220909b |||||||| |||| 00| 0 eng d
020 _a9788184893069 (pbk)
024 _a98208
037 _b1742, 13/03/2010, Educational Book Agency (India)
037 _cTextbook
040 _aCSL
_beng
_cCSL
041 _aeng
082 _aC21:(D), P8;1 TNT
100 _aOhno Kaoru Ed.
245 0 _aNano-and miromaterials
260 _aBerlin
_bSpringer
_c2008
300 _axv, 337p.
_ccm.
500 _aIncludes bibliographical references.; Index 329-337p.
650 _a Micromaterials
650 _aNanotechnology
700 _a Kawazoe Yoshiyuki Ed.
700 _a Takeda Jun Ed.
700 _a Tanaka Masatoshi Ed.
942 _hC21:(D), P8;1 TNT
_cTB
_2CC
999 _c25994
_d25994